Klicken Sie auf ein gültiges Land A-Z - Statistiken

Allgemein
  • Dieses Quiz wurde 182.972 mal gespielt
  • Das Durchschnittsergebnis liegt bei 10 aus 22
Antworten auf der Karte
Die Antworten werden auf der Karte rot bzw. grün angezeigt, abhängig davon wie oft sie richtig erraten wurden.
 
Antwortstatistiken
Antwort % Korrekt
A
58%
B
54%
C
52%
R
52%
I
50%
M
49%
F
48%
K
48%
S
48%
D
47%
P
47%
N
45%
T
45%
J
43%
U
43%
G
42%
L
42%
O
42%
E
41%
V
35%
Z
32%
H
28%
Keine übereinstimmenden Quizze gefunden
Verteilung der Resultate
Anzahl Personen mit jedem Resultat
Perzentil nach korrekt beantworteten Fragen
Ihre Resultats-Entwicklung
Sie haben dieses Quiz noch nicht gespielt